000 00459nab a2200145Ia 4500
003 ES-SlBCS
005 20210705211837.0
008 140529s1997 xxu||||| |||| 00| 0 por d
041 _apor
100 1 _aCarvalho, José Mauricio de
_9124654
245 0 0 _aDelfim Santos e os temas cultuais
_c José Maurício de Carvalho
600 1 4 _aSantos, Delfín
_9210585
773 0 _tEducaçao e Filosofia
_gvol. 11, nº. 21-22, 1997, págs. 39-55
_wRev1534
942 _cAR
999 _c607467
_d607467